Hands-On Machine Learning with Scikit-Learn, Keras, and TensorFlow : (Record no. 616478)
[ view plain ]
| 000 -LEADER | |
|---|---|
| fixed length control field | 00805nam a22001817a 4500 |
| 003 - CONTROL NUMBER IDENTIFIER | |
| control field | NUST |
| 020 ## - INTERNATIONAL STANDARD BOOK NUMBER | |
| International Standard Book Number | 9781098125974 |
| 082 ## - DEWEY DECIMAL CLASSIFICATION NUMBER | |
| Classification number | 006.31,GER |
| 100 ## - MAIN ENTRY--PERSONAL NAME | |
| Personal name | Geron, Aurelien |
| 9 (RLIN) | 34963 |
| 245 ## - TITLE STATEMENT | |
| Title | Hands-On Machine Learning with Scikit-Learn, Keras, and TensorFlow : |
| Remainder of title | Concepts, Tools, and Techniques to Build Intelligent Systems / |
| Statement of responsibility, etc. | Aurelien Geron |
| 250 ## - EDITION STATEMENT | |
| Edition statement | 3rd edition |
| 260 ## - PUBLICATION, DISTRIBUTION, ETC. | |
| Place of publication, distribution, etc. | Beijing [China] ; |
| Name of publisher, distributor, etc. | Sebastopol, CA : O'Reilly Media, Inc., |
| Date of publication, distribution, etc. | 2023 |
| 300 ## - PHYSICAL DESCRIPTION | |
| Extent | xxv, 834 pages : illustrations (some color) ; 24 cm |
| 505 ## - FORMATTED CONTENTS NOTE | |
| Formatted contents note | Part. I The Fundamentals of Machine Learning (Page-3), Part. II Neural Networks and Deep Learning (Page-299). |
| 650 ## - SUBJECT ADDED ENTRY--TOPICAL TERM | |
| Topical term or geographic name entry element | TensorFlow | Python (Computer program language) |
| 9 (RLIN) | 133521 |
| 651 ## - SUBJECT ADDED ENTRY--GEOGRAPHIC NAME | |
| Geographic name | Machine learning | Artificial intelligence |
| 9 (RLIN) | 133522 |
| 942 ## - ADDED ENTRY ELEMENTS (KOHA) | |
| Source of classification or shelving scheme | |
| Koha item type | Reference |
| Withdrawn status | Lost status | Source of classification or shelving scheme | Damaged status | Not for loan | Permanent Location | Current Location | Shelving location | Date acquired | Full call number | Barcode | Date last seen | Price effective from | Koha item type | Public note |
|---|---|---|---|---|---|---|---|---|---|---|---|---|---|---|
| Military College of Signals (MCS) | Military College of Signals (MCS) | Reference | 03/02/2026 | 006.31,GER | MCS38954 | 03/02/2026 | 03/02/2026 | Reference | Almirah No.43, Shelf No.1 |
